[Event "Gibraltar ChallWk2 13th"]
[Site "Gibraltar"]
[Date "2015.02.02"]
[Round "3.6"]
[White "Boyer Censore, Giuseppe Enmanu"]
[Black "Maloberti, David"]
[Result "1/2-1/2"]
[WhiteElo "1960"]
[BlackElo "2108"]
[PlyCount "66"]
[EventDate "2015.01.31"]
[EventType "swiss"]
[EventRounds "5"]
[EventCountry "GGB"]
[SourceTitle "BritBase"]
[Source "www.saund.co.uk"]
[SourceDate "2018.02.10"]
[SourceVersion "1"]
[SourceVersionDate "2018.02.10"]
[SourceQuality "1"]
[TimeControl "7200+255"]
[WhiteClock "1:44:25"]
[BlackClock "1:45:27"]

1. e4 e6 2. d4 d5 3. Nc3 Bb4 4. e5 c5 5. a3 Bxc3+ 6. bxc3 Ne7 7. Qg4 Kf8 8. Bd2
Qc7 9. Bd3 b6 10. Nf3 Ba6 11. dxc5 bxc5 12. Qa4 Qc6 13. Qg4 Qc7 14. Qa4 Qc6 15.
Qg4 c4 16. Be2 Nd7 17. Nd4 Qb6 18. f4 Nc5 19. Bf3 Nc6 20. O-O Nxd4 21. cxd4 Ne4
22. Bb4+ Kg8 23. c3 h5 24. Qh4 Qd8 25. Qxd8+ Rxd8 26. Bxe4 dxe4 27. Bd6 Bb7 28.
Rfb1 Bd5 29. Rb2 Kh7 30. Kf2 Kg6 31. Ke3 Kf5 32. a4 Rb8 33. a5 a6 1/2-1/2

[Event "Gibraltar ChallWk2 13th"]
[Site "Gibraltar"]
[Date "2015.02.02"]
[Round "3.7"]
[White "Romero Valencia, Fernando"]
[Black "Kandic, Milan"]
[Result "0-1"]
[WhiteElo "1954"]
[BlackElo "2101"]
[PlyCount "80"]
[EventDate "2015.01.31"]
[EventType "swiss"]
[EventRounds "5"]
[EventCountry "GGB"]
[SourceTitle "BritBase"]
[Source "www.saund.co.uk"]
[SourceDate "2018.02.10"]
[SourceVersion "1"]
[SourceVersionDate "2018.02.10"]
[SourceQuality "1"]
[TimeControl "7200+1660"]
[WhiteClock "0:09:52"]
[BlackClock "0:24:40"]

1. d4 d6 2. Bf4 Nf6 3. Nc3 c6 4. h3 g6 5. Qd2 Bg7 6. Bh6 O-O 7. Bxg7 Kxg7 8.
Nf3 Nbd7 9. e4 e5 10. O-O-O Qa5 11. g4 b5 12. dxe5 dxe5 13. g5 Nh5 14. Qd6 b4
15. Qxc6 bxc3 16. Qxa8 Qb6 17. bxc3 Bb7 18. Rd6 Rxa8 19. Rxb6 axb6 20. Nd2 Rxa2
21. Kb1 Ra8 22. Bb5 Nc5 23. f3 Ba6 24. Bc6 Rc8 25. Bd5 Ng3 26. Re1 Ne2 27. c4
Nd4 28. Re3 Nde6 29. h4 Bb7 30. Ra3 Rc7 31. Nb3 Bc6 32. Nc1 Nf4 33. Nd3 Ncxd3
34. cxd3 Ng2 35. Rb3 Nxh4 36. Rxb6 Bd7 37. Rd6 Be6 38. Bxe6 fxe6 39. Rxe6 Nxf3
40. Kc2 Nd4+ 0-1

[Event "Gibraltar ChallWk2 13th"]
[Site "Gibraltar"]
[Date "2015.02.02"]
[Round "3.8"]
[White "Fiori, Hector"]
[Black "Machlik, Edit"]
[Result "1/2-1/2"]
[WhiteElo "2066"]
[BlackElo "1914"]
[PlyCount "126"]
[EventDate "2015.01.31"]
[EventType "swiss"]
[EventRounds "5"]
[EventCountry "GGB"]
[SourceTitle "BritBase"]
[Source "www.saund.co.uk"]
[SourceDate "2018.02.10"]
[SourceVersion "1"]
[SourceVersionDate "2018.02.10"]
[SourceQuality "1"]
[TimeControl "7200+1175"]
[WhiteClock "0:01:42"]
[BlackClock "0:01:59"]

1. e4 c6 2. c3 d5 3. e5 c5 4. Nf3 Nc6 5. Bb5 Qb6 6. Ba4 Bg4 7. h3 Bxf3 8. Qxf3
e6 9. O-O Nge7 10. Re1 Ng6 11. g3 Be7 12. h4 Nf8 13. c4 d4 14. d3 Rc8 15. Nd2
Nd7 16. Bxc6 Qxc6 17. Qxc6 Rxc6 18. f4 f5 19. Nf3 Kf7 20. Bd2 Rb8 21. Rec1 b6
22. Kf1 Kg6 23. Ke2 Kf7 24. a3 h5 25. b4 Ke8 26. Rab1 Rcc8 27. Be1 Bd8 28. Rc2
Kf7 29. Rcb2 Ke8 30. Bf2 Kf7 31. Rb3 Ke8 32. R3b2 Kf7 33. a4 Ke8 34. Kd2 Be7
35. Re1 Bd8 36. Reb1 Be7 37. Ra2 Bd8 38. Ke2 Kf7 39. Kd2 Ke8 40. Bxd4 cxd4 41.
Nxd4 Kf7 42. Nb5 Be7 43. Nxa7 Rc7 44. Nb5 Rc6 45. Kc3 Ra8 46. Kb3 Nb8 47. d4
Na6 48. c5 bxc5 49. dxc5 Bxc5 50. bxc5 Nxc5+ 51. Kb4 Nd3+ 52. Kb3 Nc1+ 53. Rxc1
Rxc1 54. Nd6+ Ke7 55. a5 Kd7 56. a6 Kc6 57. a7 Kb6 58. Nc4+ Kc6 59. Ra6+ Kb5
60. Ra5+ Kc6 61. Ra6+ Kc5 62. Ra5+ Kc6 63. Ra6+ Kc5 1/2-1/2

[Event "Gibraltar ChallWk2 13th"]
[Site "Gibraltar"]
[Date "2015.02.02"]
[Round "3.9"]
[White "Hoffmann, Hendrik"]
[Black "Schouten, Freek"]
[Result "0-1"]
[WhiteElo "2206"]
[BlackElo "2039"]
[PlyCount "56"]
[EventDate "2015.01.31"]
[EventType "swiss"]
[EventRounds "5"]
[EventCountry "GGB"]
[SourceTitle "BritBase"]
[Source "www.saund.co.uk"]
[SourceDate "2018.02.10"]
[SourceVersion "1"]
[SourceVersionDate "2018.02.10"]
[SourceQuality "1"]
[TimeControl "7200+1290"]
[WhiteClock "0:34:59"]
[BlackClock "0:09:54"]

1. e4 d6 2. d4 Nf6 3. Nc3 Nbd7 4. f4 e5 5. Nf3 exd4 6. Qxd4 c6 7. Bd2 d5 8.
exd5 Bc5 9. Qd3 O-O 10. O-O-O cxd5 11. Nxd5 Nxd5 12. Qxd5 Qb6 13. Bc3 Be3+ 14.
Kb1 Nf6 15. Qd3 Ng4 16. Ng5 g6 17. Nh3 Bf5 18. Qb5 Rfd8 19. Rxd8+ Rxd8 20. Be2
Qxb5 21. Bxb5 Be4 22. Re1 Bxg2 23. Ng1 Bf2 24. Rc1 Nxh2 25. Bf6 Ra8 26. Rd1 Ng4
27. Bc3 h5 28. Bc4 Ne3 0-1

[Event "Gibraltar ChallWk2 13th"]
[Site "Gibraltar"]
[Date "2015.02.02"]
[Round "3.10"]
[White "Dolzhikova, Olga"]
[Black "Gonzalez Capacete, Jose Miguel"]
[Result "1/2-1/2"]
[WhiteElo "2194"]
[BlackElo "1920"]
[PlyCount "92"]
[EventDate "2015.01.31"]
[EventType "swiss"]
[EventRounds "5"]
[EventCountry "GGB"]
[SourceTitle "BritBase"]
[Source "www.saund.co.uk"]
[SourceDate "2018.02.10"]
[SourceVersion "1"]
[SourceVersionDate "2018.02.10"]
[SourceQuality "1"]
[TimeControl "6600+1545"]
[WhiteClock "0:05:35"]
[BlackClock "0:01:09"]

1. e4 c5 2. c3 Nf6 3. e5 Nd5 4. d4 cxd4 5. Nf3 Nc6 6. cxd4 e6 7. Bc4 d6 8. O-O
Be7 9. Qe2 O-O 10. Qe4 dxe5 11. dxe5 f5 12. exf6 Nxf6 13. Bxe6+ Kh8 14. Qe2
Bxe6 15. Qxe6 Bc5 16. Nc3 Qc7 17. Qc4 Ne5 18. Nxe5 Qxe5 19. Bf4 Qh5 20. Bg3
Rae8 21. Rad1 Ng4 22. Rd2 h6 23. Ne4 Bb6 24. h3 Ne3 25. fxe3 Rxf1+ 26. Kxf1 Qg6
27. Bf2 Rxe4 28. Qc2 Qe6 29. b3 Qf5 30. Kg1 Qe5 31. Rd7 Rxe3 32. Bxe3 Qxe3+ 33.
Kh2 Qg1+ 34. Kg3 Qe3+ 35. Kh2 Qg1+ 36. Kg3 Qe1+ 37. Kf4 Qe3+ 38. Kf5 Qg5+ 39.
Ke6 Qe3+ 40. Kf7 Qf4+ 41. Ke8 Qe5+ 42. Re7 Qh5+ 43. Kd7 Qd5+ 44. Ke8 Qd8+ 45.
Kf7 Qg8+ 46. Kg6 Qh7+ 1/2-1/2

[Event "Gibraltar ChallWk2 13th"]
[Site "Gibraltar"]
[Date "2015.02.02"]
[Round "3.11"]
[White "Verneuil, Pascal"]
[Black "Balogun, Oluwafemi"]
[Result "1-0"]
[WhiteElo "2093"]
[BlackElo "2193"]
[PlyCount "65"]
[EventDate "2015.01.31"]
[EventType "swiss"]
[EventRounds "5"]
[EventCountry "GGB"]
[SourceTitle "BritBase"]
[Source "www.saund.co.uk"]
[SourceDate "2018.02.10"]
[SourceVersion "1"]
[SourceVersionDate "2018.02.10"]
[SourceQuality "1"]
[TimeControl "7200+1140"]
[WhiteClock "0:45:10"]
[BlackClock "0:14:15"]

1. e4 d6 2. d4 Nf6 3. Nc3 g6 4. Bg5 Bg7 5. Qd2 a6 6. a4 O-O 7. Bh6 c5 8. Bxg7
Kxg7 9. d5 e6 10. Bc4 exd5 11. exd5 Re8+ 12. Nge2 Nbd7 13. O-O Ne5 14. b3 Bd7
15. Ng3 Rb8 16. f4 Neg4 17. h3 Ne3 18. Rf3 Nxc4 19. bxc4 b5 20. axb5 axb5 21.
cxb5 Bxb5 22. f5 Rb7 23. fxg6 fxg6 24. Nxb5 Rxb5 25. Raf1 Rf8 26. Qg5 Ng8 27.
Rf7+ Kh8 28. Qd2 Rxf7 29. Rxf7 Qh4 30. Kh2 Qd4 31. Qg5 c4 32. Qd8 Qxd5 33. Qd7
1-0

[Event "Gibraltar ChallWk2 13th"]
[Site "Gibraltar"]
[Date "2015.02.02"]
[Round "3.12"]
[White "Bryn, Askild"]
[Black "Varga, Klara"]
[Result "1-0"]
[WhiteElo "2074"]
[BlackElo "2145"]
[PlyCount "95"]
[EventDate "2015.01.31"]
[EventType "swiss"]
[EventRounds "5"]
[EventCountry "GGB"]
[SourceTitle "BritBase"]
[Source "www.saund.co.uk"]
[SourceDate "2018.02.10"]
[SourceVersion "1"]
[SourceVersionDate "2018.02.10"]
[SourceQuality "1"]
[TimeControl "7200+1185"]
[WhiteClock "0:01:15"]
[BlackClock "0:00:38"]

1. c4 e5 2. Nc3 Nf6 3. g3 Bb4 4. Bg2 O-O 5. e4 a5 6. Nge2 Nc6 7. O-O d6 8. d3
Bd7 9. h3 Bxc3 10. bxc3 a4 11. f4 exf4 12. Nxf4 Ne5 13. Be3 Qe7 14. Ne2 Ra5 15.
Qd2 h6 16. g4 Re8 17. Ng3 Ng6 18. Rae1 Nh4 19. Bh1 Nh7 20. Kh2 Ng5 21. Qf2 a3
22. Rg1 Qe6 23. Nf5 Ng6 24. h4 Nh7 25. Rg3 Ne5 26. Qd2 Kh8 27. Bg2 Qf6 28. g5
hxg5 29. hxg5 Qg6 30. Bh3 b5 31. c5 dxc5 32. Bxc5 Nxg5 33. Rf1 f6 34. Be3 Nef7
35. Rf4 Kg8 36. Nh4 Qh5 37. Bxd7 Re7 38. Bf5 Ne5 39. Qg2 Nef3+ 40. Rgxf3 Nxf3+
41. Qxf3 Qxf3 42. Rxf3 g5 43. Ng6 Rh7+ 44. Kg2 Kg7 45. Ne7 Rh8 46. Bd4 Rf8 47.
Nd5 c6 48. Nxf6 1-0

[Event "Gibraltar ChallWk2 13th"]
[Site "Gibraltar"]
[Date "2015.02.02"]
[Round "3.13"]
[White "Wiedersich, Jens"]
[Black "Byrn, Carsten"]
[Result "1/2-1/2"]
[WhiteElo "2125"]
[BlackElo "2044"]
[PlyCount "36"]
[EventDate "2015.01.31"]
[EventType "swiss"]
[EventRounds "5"]
[EventCountry "GGB"]
[SourceTitle "BritBase"]
[Source "www.saund.co.uk"]
[SourceDate "2018.02.10"]
[SourceVersion "1"]
[SourceVersionDate "2018.02.10"]
[SourceQuality "1"]
[TimeControl "6600+765"]
[WhiteClock "1:02:15"]
[BlackClock "1:35:42"]

1. d4 Nf6 2. Nf3 c5 3. g3 b6 4. Bg2 Bb7 5. O-O cxd4 6. Qxd4 g6 7. c3 Bg7 8. Qh4
d6 9. Na3 Nbd7 10. Rd1 a6 11. Bh6 O-O 12. Bxg7 Kxg7 13. Nc2 Qc7 14. Ne3 Rac8
15. Qg5 Qc5 16. Qxc5 Nxc5 17. Nd2 Bxg2 18. Kxg2 b5 1/2-1/2

[Event "Gibraltar ChallWk2 13th"]
[Site "Gibraltar"]
[Date "2015.02.02"]
[Round "3.14"]
[White "Suez-Panama, Gilles"]
[Black "Menna Barreto, Felipe Kubiaki"]
[Result "0-1"]
[WhiteElo "2030"]
[BlackElo "2247"]
[PlyCount "62"]
[EventDate "2015.01.31"]
[EventType "swiss"]
[EventRounds "5"]
[EventCountry "GGB"]
[SourceTitle "BritBase"]
[Source "www.saund.co.uk"]
[SourceDate "2018.02.10"]
[SourceVersion "1"]
[SourceVersionDate "2018.02.10"]
[SourceQuality "1"]
[TimeControl "7200+680"]
[WhiteClock "0:38:34"]
[BlackClock "0:56:39"]

1. d4 Nf6 2. Nf3 g6 3. c4 Bg7 4. Nc3 O-O 5. g3 d6 6. Bg2 Nc6 7. O-O e5 8. d5
Ne7 9. e4 h6 10. c5 Ne8 11. b4 f5 12. Bb2 f4 13. Qd3 g5 14. h3 Ng6 15. Nh2 h5
16. g4 f3 17. Nxf3 hxg4 18. hxg4 Nf4 19. Qe3 Bxg4 20. Nh2 Bd7 21. a4 g4 22. c6
bxc6 23. dxc6 Be6 24. Rfe1 Bh6 25. Kh1 Qf6 26. Nxg4 Bxg4 27. Qg3 Qg7 28. Bf1
Nh5 29. Qh4 Bf3+ 30. Kh2 Bg5 31. Bc4+ Kh8 0-1

[Event "Gibraltar ChallWk2 13th"]
[Site "Gibraltar"]
[Date "2015.02.02"]
[Round "3.15"]
[White "Ungureanu, Sandu"]
[Black "Sanchez Botella, Luis Javier"]
[Result "0-1"]
[WhiteElo "2040"]
[BlackElo "2246"]
[PlyCount "102"]
[EventDate "2015.01.31"]
[EventType "swiss"]
[EventRounds "5"]
[EventCountry "GGB"]
[SourceTitle "BritBase"]
[Source "www.saund.co.uk"]
[SourceDate "2018.02.10"]
[SourceVersion "1"]
[SourceVersionDate "2018.02.10"]
[SourceQuality "1"]
[TimeControl "7200+805"]
[WhiteClock "0:30:41"]
[BlackClock "0:26:59"]

1. e4 e6 2. d4 d5 3. exd5 exd5 4. Bf4 Nf6 5. Bd3 Bg4 6. Nf3 Be7 7. Nbd2 Nc6 8.
c3 Nh5 9. Bg3 Qd7 10. Qc2 Qe6+ 11. Kf1 Nxg3+ 12. fxg3 g6 13. h3 Bxf3 14. gxf3
O-O-O 15. Re1 Qf6 16. Kg2 Bd6 17. f4 g5 18. f5 h5 19. g4 h4 20. Re2 Bg3 21. Rd1
Rde8 22. Nf1 Qd6 23. Rxe8+ Rxe8 24. Rd2 Rd8 25. Re2 Ne7 26. Qd2 Bf4 27. Qe1 Ng8
28. Re8 Nf6 29. Rxd8+ Kxd8 30. Kf3 Qb6 31. Qf2 Qa5 32. b4 Qb6 33. a4 Qc6 34.
Qc2 Qe8 35. a5 Qe1 36. b5 Ne4 37. c4 Ng3 38. Kg2 Nxf1 39. Bxf1 Qg3+ 40. Kh1
dxc4 41. Qg2 c3 42. Qxg3 hxg3 43. Bd3 Ke7 44. Bc2 Kd6 45. Bb3 Be3 46. Kg2 Bxd4
47. Kxg3 Kc5 48. b6 cxb6 49. axb6 a5 50. h4 gxh4+ 51. Kxh4 Kb4 0-1

[Event "Gibraltar ChallWk2 13th"]
[Site "Gibraltar"]
[Date "2015.02.02"]
[Round "3.16"]
[White "Longa Yauca, Javier"]
[Black "Van Dongen, Edwin"]
[Result "1/2-1/2"]
[WhiteElo "2245"]
[BlackElo "2036"]
[PlyCount "72"]
[EventDate "2015.01.31"]
[EventType "swiss"]
[EventRounds "5"]
[EventCountry "GGB"]
[SourceTitle "BritBase"]
[Source "www.saund.co.uk"]
[SourceDate "2018.02.10"]
[SourceVersion "1"]
[SourceVersionDate "2018.02.10"]
[SourceQuality "1"]
[TimeControl "7200+1210"]
[WhiteClock "0:04:02"]
[BlackClock "0:08:13"]

1. d4 d5 2. c4 c6 3. Nc3 Nf6 4. e3 e6 5. Nf3 a6 6. Bd2 Be7 7. Rc1 O-O 8. Bd3
Nbd7 9. b3 b5 10. O-O Bb7 11. Qe2 bxc4 12. bxc4 dxc4 13. Bxc4 c5 14. dxc5 Nxc5
15. Rfd1 Qc7 16. Nd4 Rfc8 17. f3 Nfd7 18. Nb1 Qb6 19. Qe1 Ne5 20. Ba5 Qa7 21.
Bf1 Bd5 22. Qd2 Na4 23. Bb4 Nc5 24. Nf5 Bf8 25. Qd4 f6 26. Nd2 a5 27. Ba3 Rc7
28. Ng3 Ncd7 29. Bxf8 Nxf8 30. Rxc7 Qxc7 31. Nb3 Bxf3 32. Rc1 Qb8 33. e4 Bg4
34. Qc3 h5 35. Nxa5 h4 36. Nh1 Qa7+ 1/2-1/2

[Event "Gibraltar ChallWk2 13th"]
[Site "Gibraltar"]
[Date "2015.02.02"]
[Round "3.17"]
[White "Vea, Odin Blikra"]
[Black "Nwoye, Nnamdi"]
[Result "1-0"]
[WhiteElo "2242"]
[BlackElo "2015"]
[PlyCount "115"]
[EventDate "2015.01.31"]
[EventType "swiss"]
[EventRounds "5"]
[EventCountry "GGB"]
[SourceTitle "BritBase"]
[Source "www.saund.co.uk"]
[SourceDate "2018.02.10"]
[SourceVersion "1"]
[SourceVersionDate "2018.02.10"]
[SourceQuality "1"]
[TimeControl "6600+765"]
[WhiteClock "0:13:00"]
[BlackClock "0:02:51"]

1. e4 c5 2. a3 g6 3. c3 Bg7 4. d4 cxd4 5. cxd4 d5 6. exd5 Nf6 7. Nf3 O-O 8. Be2
Nxd5 9. O-O Nc6 10. Nc3 e6 11. Bg5 Qd6 12. Ne4 Qb8 13. Rc1 h6 14. Bh4 f5 15.
Nc3 g5 16. Bc4 Nxc3 17. bxc3 gxh4 18. Nxh4 Ne7 19. Re1 Qd6 20. Qh5 Rf7 21. Re3
Bd7 22. Rce1 Nd5 23. Rg3 Nf4 24. Qd1 Kh7 25. Rge3 Nd5 26. Rh3 Nf4 27. Rhe3 Bf6
28. Nxf5 Qc6 29. d5 Qxc4 30. dxe6 Bxe6 31. Rxe6 Qxe6 32. Rxe6 Nxe6 33. Qh5 Rd7
34. Qxh6+ Kg8 35. g3 Rf8 36. h4 Rh7 37. Qe3 Nd8 38. g4 Nc6 39. Qe6+ Kh8 40. g5
Bxc3 41. Nh6 Bd4 42. Nf5 Bxf2+ 43. Kg2 Bxh4 44. g6 Re7 45. Nxe7 Nxe7 46. Qe5+
Rf6 47. Qh5+ Kg8 48. Qh7+ Kf8 49. g7+ Ke8 50. Qh5+ Kd8 51. Qxh4 Rg6+ 52. Kf1
Ke8 53. Qh8+ Kf7 54. Qf8+ Ke6 55. Ke2 Kd6 56. Qf7 Re6+ 57. Kf3 Rg6 58. Qxg6+
1-0

[Event "Gibraltar ChallWk2 13th"]
[Site "Gibraltar"]
[Date "2015.02.02"]
[Round "3.18"]
[White "Van Der Elburg, Freddie"]
[Black "Hamer, Martyn"]
[Result "1-0"]
[WhiteElo "2183"]
[BlackElo "2014"]
[PlyCount "45"]
[EventDate "2015.01.31"]
[EventType "swiss"]
[EventRounds "5"]
[EventCountry "GGB"]
[SourceTitle "BritBase"]
[Source "www.saund.co.uk"]
[SourceDate "2018.02.10"]
[SourceVersion "1"]
[SourceVersionDate "2018.02.10"]
[SourceQuality "1"]

1. f4 Nf6 2. Nf3 c5 3. g3 Nc6 4. Bg2 d6 5. O-O e5 6. fxe5 dxe5 7. d3 Be7 8. e4
O-O 9. Nbd2 Qc7 10. Nc4 Rd8 11. Bd2 b5 12. Ne3 Bb7 13. Qe1 c4 14. dxc4 bxc4 15.
Nh4 Ba6 16. Bc3 Bc5 17. Kh1 Nd4 18. Rxf6 gxf6 19. Nd5 Qd6 20. Bxd4 exd4 21. Qd2
Kh8 22. Qh6 f5 23. Nf6 1-0

[Event "Gibraltar ChallWk2 13th"]
[Site "Gibraltar"]
[Date "2015.02.02"]
[Round "3.19"]
[White "Pena Riasco, Alexander"]
[Black "Ramirez Dominguez, Agustin"]
[Result "1-0"]
[WhiteElo "2181"]
[BlackElo "2013"]
[PlyCount "58"]
[EventDate "2015.01.31"]
[EventType "swiss"]
[EventRounds "5"]
[EventCountry "GGB"]
[SourceTitle "BritBase"]
[Source "www.saund.co.uk"]
[SourceDate "2018.02.10"]
[SourceVersion "1"]
[SourceVersionDate "2018.02.10"]
[SourceQuality "1"]

1. e4 e5 2. Nf3 Nf6 3. Nxe5 d6 4. Nf3 Nxe4 5. Nc3 Nxc3 6. dxc3 Nc6 7. Be3 Bg4
8. Be2 Be7 9. Qd2 a6 10. O-O-O Qd7 11. Kb1 O-O-O 12. Rhe1 Bf6 13. h3 Bxf3 14.
Bxf3 Ne5 15. Be2 Qa4 16. g4 h6 17. Qd5 Qc6 18. Qa5 Nc4 19. Qf5+ Kb8 20. Bc1
Rde8 21. Bxc4 Qxc4 22. a3 Re2 23. Be3 Re8 24. Qf3 Rxe1 25. Rxe1 Re5 26. Rd1 Rb5
27. Rd3 Ka8 28. Bxh6 Qc5 29. a4 Ra5 1-0

[Event "Gibraltar ChallWk2 13th"]
[Site "Gibraltar"]
[Date "2015.02.02"]
[Round "3.20"]
[White "Gonzalez Gonzalez, Alfonso"]
[Black "Nilsen, Martin"]
[Result "1-0"]
[WhiteElo "2160"]
[BlackElo "2011"]
[PlyCount "71"]
[EventDate "2015.01.31"]
[EventType "swiss"]
[EventRounds "5"]
[EventCountry "GGB"]
[SourceTitle "BritBase"]
[Source "www.saund.co.uk"]
[SourceDate "2018.02.10"]
[SourceVersion "1"]
[SourceVersionDate "2018.02.10"]
[SourceQuality "1"]

1. e4 e6 2. Qe2 e5 3. f4 exf4 4. Nf3 g5 5. h4 g4 6. Ne5 Qe7 7. d4 Nf6 8. Nc3 d6
9. Bxf4 Nh5 10. Bg5 f6 11. Nd5 Qg7 12. Bh6 Qxh6 13. Nxc7+ Ke7 14. Nd5+ Ke8 15.
Qc4 dxe5 16. Qxc8+ Kf7 17. Bc4 Kg7 18. Qxb7+ Kg6 19. O-O Qg7 20. Qxa8 Bd6 21.
Be2 Qd7 22. Rf5 Qa4 23. Bxg4 Qxd4+ 24. Kh2 Rf8 25. Bxh5+ Kh6 26. Nxf6 Rxf6 27.
Rxf6+ Kxh5 28. Kh3 Qe3+ 29. Rf3 Qb6 30. Raf1 Be7 31. Qd5 Qg6 32. Qf7 Qxf7 33.
Rxf7 Bd8 34. R1f6 Bxf6 35. Rxf6 h6 36. g4# 1-0

[Event "Gibraltar ChallWk2 13th"]
[Site "Gibraltar"]
[Date "2015.02.02"]
[Round "3.21"]
[White "Lawson, Dominic Ralph"]
[Black "Elishev, Ivan"]
[Result "0-1"]
[WhiteElo "1951"]
[BlackElo "2153"]
[PlyCount "56"]
[EventDate "2015.01.31"]
[EventType "swiss"]
[EventRounds "5"]
[EventCountry "GGB"]
[SourceTitle "BritBase"]
[Source "www.saund.co.uk"]
[SourceDate "2018.02.10"]
[SourceVersion "1"]
[SourceVersionDate "2018.02.10"]
[SourceQuality "1"]

1. b3 e5 2. Bb2 d6 3. e3 Nc6 4. Bb5 Bd7 5. Ne2 f5 6. d4 e4 7. d5 Ne5 8. Bxd7+
Qxd7 9. Nf4 Nf6 10. h4 Be7 11. Nc3 Nfg4 12. Qd2 c5 13. dxc6 bxc6 14. O-O-O O-O
15. Qe2 d5 16. f3 Bc5 17. Ncxd5 exf3 18. gxf3 cxd5 19. fxg4 Nxg4 20. Nxd5 Qf7
21. h5 h6 22. Rh3 Rfe8 23. Kb1 Rad8 24. c4 Bxe3 25. Nxe3 Rxd1+ 26. Qxd1 Nxe3
27. Qd4 f4 28. Qd3 f3 0-1

[Event "Gibraltar ChallWk2 13th"]
[Site "Gibraltar"]
[Date "2015.02.02"]
[Round "3.22"]
[White "Gomez Calle, Jose Antonio"]
[Black "Odeh, Kenneth"]
[Result "1-0"]
[WhiteElo "2150"]
[BlackElo "1982"]
[PlyCount "63"]
[EventDate "2015.01.31"]
[EventType "swiss"]
[EventRounds "5"]
[EventCountry "GGB"]
[SourceTitle "BritBase"]
[Source "www.saund.co.uk"]
[SourceDate "2018.02.10"]
[SourceVersion "1"]
[SourceVersionDate "2018.02.10"]
[SourceQuality "1"]

1. e4 c6 2. d4 d5 3. exd5 cxd5 4. Bd3 Nc6 5. c3 Qc7 6. h3 Nf6 7. Nf3 e6 8. O-O
Be7 9. Re1 O-O 10. Nbd2 a6 11. Ne5 Bd6 12. Ndf3 h6 13. Qe2 b5 14. Nxc6 Qxc6 15.
Ne5 Qc7 16. Qf3 Nd7 17. Qh5 Bxe5 18. dxe5 f5 19. Bxh6 Nc5 20. Re3 Rf7 21. Bf4
Bb7 22. Rd1 Nxd3 23. Rexd3 Qc4 24. Rd4 Qxa2 25. Bc1 f4 26. Qg6 Rd8 27. Rf1 Bc8
28. Bxf4 Rf5 29. Bg5 Rdf8 30. Bf6 R8xf6 31. exf6 Rxf6 32. Qh5 1-0

[Event "Gibraltar ChallWk2 13th"]
[Site "Gibraltar"]
[Date "2015.02.02"]
[Round "3.23"]
[White "Dougherty, Michael"]
[Black "Adebajo, Olufemi"]
[Result "1-0"]
[WhiteElo "2138"]
[BlackElo "1962"]
[PlyCount "41"]
[EventDate "2015.01.31"]
[EventType "swiss"]
[EventRounds "5"]
[EventCountry "GGB"]
[SourceTitle "BritBase"]
[Source "www.saund.co.uk"]
[SourceDate "2018.02.10"]
[SourceVersion "1"]
[SourceVersionDate "2018.02.10"]
[SourceQuality "1"]

1. d4 f5 2. Bg5 c6 3. e3 d5 4. c4 Qb6 5. Qc2 e6 6. Nc3 Bb4 7. Bd3 Nd7 8. Nge2
Ngf6 9. Nf4 Kf7 10. h4 Ne4 11. f3 h6 12. fxe4 hxg5 13. Nh3 dxe4 14. Bxe4 Bxc3+
15. bxc3 gxh4 16. O-O Nf6 17. Bd3 Qc7 18. e4 Ng4 19. Rf4 g6 20. Qe2 Bd7 21.
Qxg4 1-0

[Event "Gibraltar ChallWk2 13th"]
[Site "Gibraltar"]
[Date "2015.02.02"]
[Round "3.24"]
[White "Probst, Alexander"]
[Black "Grabow, Pouelsten Holm"]
[Result "1-0"]
[WhiteElo "1948"]
[BlackElo "2134"]
[PlyCount "38"]
[EventDate "2015.01.31"]
[EventType "swiss"]
[EventRounds "5"]
[EventCountry "GGB"]
[SourceTitle "BritBase"]
[Source "www.saund.co.uk"]
[SourceDate "2018.02.10"]
[SourceVersion "1"]
[SourceVersionDate "2018.02.10"]
[SourceQuality "1"]

1. e4 e6 2. d4 d5 3. Nd2 a5 4. Ngf3 Nf6 5. Bd3 b6 6. O-O Be7 7. c4 c6 8. Re1
Ba6 9. Qe2 h6 10. b3 Bb4 11. exd5 cxd5 12. Bb2 O-O 13. Ne5 Ra7 14. a3 Bxd2 15.
Qxd2 Rc7 16. Re3 Nc6 17. Rg3 Kh8 18. Rh3 Ng8 19. Nxc6 dxc4 1-0

[Event "Gibraltar ChallWk2 13th"]
[Site "Gibraltar"]
[Date "2015.02.02"]
[Round "3.25"]
[White "Recklingloh, Frank"]
[Black "Algars, Olle"]
[Result "0-1"]
[WhiteElo "2133"]
[BlackElo "1960"]
[PlyCount "98"]
[EventDate "2015.01.31"]
[EventType "swiss"]
[EventRounds "5"]
[EventCountry "GGB"]
[SourceTitle "BritBase"]
[Source "www.saund.co.uk"]
[SourceDate "2018.02.10"]
[SourceVersion "1"]
[SourceVersionDate "2018.02.10"]
[SourceQuality "1"]

1. e4 c5 2. Nf3 d6 3. d4 cxd4 4. Nxd4 Nf6 5. Nc3 a6 6. Bc4 e6 7. Bb3 b5 8. O-O
Bb7 9. Re1 Nc6 10. Nxc6 Bxc6 11. Nd5 Bb7 12. Nf4 Qc8 13. g4 Be7 14. g5 Nxe4 15.
Nd5 Nc5 16. Nxe7 Kxe7 17. Bd5 Bxd5 18. Qxd5 Qb7 19. Qd4 f6 20. Bf4 Qc6 21. c4
b4 22. Rad1 e5 23. Bd2 a5 24. Qe3 Ne6 25. f4 Qc5 26. a3 bxa3 27. bxa3 Rhb8 28.
Kh1 Qxe3 29. Bxe3 Rb3 30. gxf6+ gxf6 31. f5 Ng7 32. c5 Nxf5 33. cxd6+ Nxd6 34.
Bc5 Ra6 35. Rxd6 Rxd6 36. Rd1 Rbb6 37. Rd3 Ke6 38. Bxd6 Rxd6 39. Rh3 Rd7 40.
Kg2 e4 41. Kf2 Ke5 42. Ke2 a4 43. Rc3 Rb7 44. Rc4 Rb2+ 45. Ke1 Kf4 46. Rxa4 f5
47. Ra5 Ke3 48. Kf1 f4 49. Re5 f3 0-1

[Event "Gibraltar ChallWk2 13th"]
[Site "Gibraltar"]
[Date "2015.02.02"]
[Round "3.26"]
[White "Morais, Vitor"]
[Black "Rodriguez Alvarez, Vidal"]
[Result "0-1"]
[WhiteElo "1934"]
[BlackElo "2122"]
[PlyCount "82"]
[EventDate "2015.01.31"]
[EventType "swiss"]
[EventRounds "5"]
[EventCountry "GGB"]
[SourceTitle "BritBase"]
[Source "www.saund.co.uk"]
[SourceDate "2018.02.10"]
[SourceVersion "1"]
[SourceVersionDate "2018.02.10"]
[SourceQuality "1"]

1. e4 c5 2. Nf3 e6 3. d4 cxd4 4. Nxd4 Nc6 5. Nb5 d6 6. Bf4 e5 7. Be3 a6 8. N5c3
Nf6 9. Nd5 Nxd5 10. exd5 Nb8 11. a4 g6 12. Na3 Nd7 13. Nc4 b6 14. Be2 Rb8 15.
O-O Qc7 16. f4 Bg7 17. fxe5 Nxe5 18. Nxe5 Bxe5 19. c3 O-O 20. Bh6 Re8 21. Bf3
Qc4 22. g3 Bh3 23. Re1 b5 24. axb5 axb5 25. Re4 Qc7 26. Qd2 Ra8 27. Rae1 Ra4
28. Bf4 Rxe4 29. Rxe4 Qa7+ 30. Qf2 Qa1+ 31. Re1 Qxe1+ 32. Qxe1 Bd4+ 33. cxd4
Rxe1+ 34. Kf2 Rb1 35. g4 Rxb2+ 36. Kg3 Bf1 37. Bxd6 b4 38. Bc5 b3 39. d6 Bb5
40. g5 Rd2 41. Be4 b2 0-1